000
00284nam a2200121Ia 4500
008
190216s9999||||xx |||||||||||||| ||und||
100
_a
Marilyn Burns
245
4
_a
The I Hate Mathematics Book
260
_b
Cambridge Uty Press
300
_a
96
650
_a
Mathematics
942
_c
BK
999
_c
32141
_d
32141